| 000 | 00609cam a2200181 a 4500 | ||
|---|---|---|---|
| 001 | 000004927 | ||
| 005 | 20200929151534.0 | ||
| 008 | 840402s1937 ck 001 0 spa | ||
| 040 |
_aDO-SdBNP _bspa _cBNPHU |
||
| 082 |
_aC861.4 _bG633p |
||
| 100 | 1 |
_aGómez, Ruperto Segundo, _d1837-1910. _914241 |
|
| 245 | 1 | 0 |
_aPoesías escogidas / _cRuperto S. Gómez. |
| 260 |
_aBogotá : _bEscuelas Gráficas Salesianas, _c1937. |
||
| 300 |
_a270 p. ; _c20 cm. |
||
| 500 | _a"Publicados por sus hijos en el primer centenario de su nacimiento." | ||
| 650 | 4 |
_aPoesìa colombiana _93742 |
|
| 650 | 4 |
_aLiteratura colombiana _91244 |
|
| 999 |
_c4733 _d4733 |
||